| 000 | 01407nam a2200265 a 4500 | ||
|---|---|---|---|
| 001 | 20955015 | ||
| 008 | 200624s2019 ||||||||||||||||| || u | ||
| 010 | _a2019014856 | ||
| 020 | _a9781108456678 | ||
| 050 | _aJZ 1318 Ste | ||
| 100 | _aSteger, Manfred B | ||
| 245 | 1 | 0 |
_aGlobalization matters : engaging the global in unsettled times _cBy Manfred B. Steger and Paul James |
| 260 |
_a New York _bCambridge University Press _c2019 |
||
| 300 | _avii, 301 pages : illustrations | ||
| 336 |
_atext _2rdacontent |
||
| 337 |
_aunmediated _2rdamedia |
||
| 338 |
_avolume _2rdacarrier |
||
| 350 | _a54.64 | ||
| 500 | _aIncludes bibliographical references and index. | ||
| 505 | _aMapping a new genealogy of 'globalization' -- Rethinking the dominant framework of globalization theory -- Considering the subjective dimensions of globalization -- Outlining an engaged theory of globalization -- Excavating the long history of globalization -- Examining the promise of global studies -- Making sense of the populist challenge to globalization -- Confronting the global urban imaginary -- Living in the unsettled world of the anthropocene. | ||
| 650 | 0 | _aNATION-STATE AND GLOBALIZATION | |
| 650 | 0 | _aGLOBALIZATION | |
| 700 | _aJames, Paul | ||
| 995 |
_FCBU-MAIN LIBRARY (Kitwe) _I54.64 _M1 _UAVAILABLE _WJun 24, 2020 _ZMain Library Open Access Collection |
||
| 999 |
_c44736 _d44736 |
||